Les Naus gòtiques de la Biblioteca de Catalunya
Descripción Física:
[24] p. : principalment il., negre i col. ; 20 x 26 cm
MARC
| LEADER | 00000nam a2200000Ia 4500 | ||
|---|---|---|---|
| 001 | 12635 | ||
| 008 | 160829s9999 xx 000 0 cat d | ||
| 080 | |a FU-29-13 | ||
| 245 | |a Les Naus gòtiques de la Biblioteca de Catalunya | ||
| 260 | |a Barcelona : |b Biblioteca de Catalunya, dl 1994 | ||
| 300 | |a [24] p. : |b principalment il., negre i col. ; |c 20 x 26 cm | ||
| 650 | |a Biblioteca de Catalunya |x Remodelació |9 42611 | ||
| 650 | |a Hospital de la Santa Creu (Barcelona) |x Remodelació |9 37345 | ||
| 650 | 0 | |a Arquitectura gòtica |z Barcelona (Catalunya) |9 37346 | |
| 710 | 1 | |a Biblioteca de Catalunya |9 52741 | |
| 901 | |a Arxiu | ||
| 942 | |n 1 | ||
| 952 | |0 0 |1 0 |4 0 |6 FU2913 |7 1 |9 47813 |a Arxiu |b Arxiu |d 2016-12-01 |l 0 |o FU-29-13 |p 12635 |r 2016-12-01 00:00:00 |w 2016-12-01 |y ARXIU | ||
| 999 | |c 51612 |d 51612 | ||